00417nam a2200109Ia 4500082001200000100002500012245013900037260002800176300002100204650006700225710001500292 aTE.0001 aEashvaraiah, Pulluru 0aCommunist party in power in Indian states: a study of the promise of new society in the context of the Bourgeois Liberal Social System c1985bKanpur University a506, 41p.eCD-18 aLandvCommunist party of indiavPolitics and governmentzIndia aB.K. Joshi